Metallica "Guess the song based on the random lyric" quiz - Statistics

General Stats
  • This quiz has been taken 348 times
  • The average score is 8 of 15
Answer Stats
Lyric Song % Correct
"Come crawling faster, obey your master..." Master of Puppets
92%
"Justice is lost, justice is raped, justice is gone..." And Justice For All...
88%
"Slaves, Hebrews born to serve, to the pharaoh..." Creeping Death
80%
"Fire, to begin whipping dance of the dead..." Blackened
79%
"Death greets me warm, now I will just say goodbye..." Fade to Black
78%
"Back to the front..." Disposable Heroes
67%
"Messenger of fear in sight, dark deception kills the light..." The Thing That Should Not Be
56%
"Pestilence, for what you have had to endure, and what you have put others through..." The Four Horsemen
46%
"Never hunger, never prosper, I have fallen prey to failure..." Frayed Ends of Sanity
42%
"Same rise and fall, who cares at all? Seduced by fame..." Moth into Flame
41%
"Luck...runs...out..." All Nightmare Long
38%
"Set sail to sea, but pulled off course by the light of golden treasure..." Unforgiven III
28%
"Caught under wheel's roll..." Bleeding Me
27%
"And now I wait my whole lifetime...for you..." The Outlaw Torn
25%
"Dolls of voodoo all stuck with pins, one for each of us and our sins..." Fixxxer
24%
No matching quizzes found
Score Distribution
Percent of People with Each Score
Percentile by Number Answered
Your Score History
You have not taken this quiz